| 000 | 00791 a2200229 4500 | ||
|---|---|---|---|
| 003 | Nust | ||
| 005 | 20230118145137.0 | ||
| 010 | _a 76047716 | ||
| 020 | _a0256019053 | ||
| 040 | _cNust | ||
| 082 | 0 | 0 | _a657.42,SHI |
| 100 | 1 |
_aShillinglaw, Gordon. _944634 |
|
| 245 | 1 | 0 |
_aManagerial cost Accounting / _cGordon Shillinglaw. |
| 250 | _a4th ed. | ||
| 260 |
_aHomewood, Ill. : _bR. D. Irwin, _c1977. |
||
| 300 |
_axx, 981 p. : _bill. ; _c25 cm. |
||
| 490 | 0 | _aThe Willard J. Graham series in accounting | |
| 505 | _aPart 1: The Basic Structure (Page-1), Part 2: Further Topics in Activity Costing and Decision (Page-333), Part 3: Further Topics in Periodic Planning and Control(Page-639). | ||
| 650 | 0 | _aCost accounting. | |
| 650 | 0 |
_aManagerial accounting. _924976 |
|
| 942 |
_2ddc _cBK |
||
| 999 |
_c185930 _d185930 |
||